00812nab a2200205 uc450000100070000000500170000700800410002403500110006503500210007604000130009704100080011010000440011824501870016265000160034965000210036565000210038670000430040770000390045077301170048961136920240201162333.0000728e20000301 spa  a611369 a(OCoLC)819838501 ccomduadb aspa10aGarcia Redondo, Maria del Sol4auteaut10aComportamiento del acero de baja aleacion SA-508 y del acero al carbono A-410b en las condiciones de operacion y parada del circuito primario de los reactores de agua ligera tipo PWR aCorrosión aAcero al carbono aElectroquímica10aCastaño Marin, Maria Luisa4auteaut10aGomez Briceño, Dolores4auteaut0 tRevista de Metalurgia (Madrid)gVolumen 36, Número 02, Marzo-Abril de 2000, p. 88-99w112428x0034-8570092742